000 00383nam a2200145Ia 4500
008 150201s2002 xx 000 0 und d
082 _aD2002H
_b610
100 _aCHRISTOPHER,HASLETT
245 _aDAVIDSONS PRINCIPLES AND PRACTICE OF MEDICINE
250 _a19TH
260 _bCHURCHILL LIVINGSTONE
_aEDINBURGH
_c2002
300 _a1-1274
650 _aMEDICINE
942 _2ddc
_cBK
_03
999 _c2728
_d2728